[Event "Yerevan zt 1.5"]
[Site "Yerevan"]
[Date "2000.06.08"]
[Round "2"]
[White "Vaganian, Rafael A"]
[Black "Izoria, Zviad"]
[Result "1-0"]
[WhiteElo "2618"]
[BlackElo "2372"]
[Annotator "Ribli,Z"]
[PlyCount "87"]
[EventDate "2000.06.07"]
[EventType "swiss"]
[EventRounds "9"]
[EventCountry "ARM"]
[SourceTitle "CBM 078"]
[Source "ChessBase"]
[SourceDate "2000.10.18"]
[SourceVersion "1"]
[SourceVersionDate "2000.10.18"]
[SourceQuality "1"]

1. Nf3 c5 2. c4 Nc6 3. Nc3 Nd4 {Schwarz möchte das Spiel vereinfachen. Dieser
Springerzug ist er in den letzten Jahren bekannter geworden.} 4. g3 $5 {
Dieser - auf den ersten Blick überraschende -Zug ist die beste Fortsetzung für
Weiß.} (4. e3 Nxf3+ 5. Qxf3 g6 {In dieser Variante kann Schwarz die Stellung
mit einfachen Zügen ausgleichen. Die Dame auf f3 ist leicht anzugreifen.}) 4...
Nxf3+ 5. exf3 {Die weiße Bauernstruktur ist schwach, aber anschließend bekommt
Weiß aktives Spiel auf den zentralen Linien.} Nf6 (5... b6 6. d4 cxd4 7. Qxd4
Bb7 8. Bg2 Nf6 9. O-O e6 10. Ne4 $1 Nxe4 11. fxe4 f6 12. Qd1 Bc5 13. Qh5+ g6
14. Qh6 Kf7 (14... Bf8 15. Qd2 Bg7 16. Rd1 Bc6 17. b3 O-O 18. Bb2 Qc7 19. Re1
Qb7 20. b4 $14 {Gulko,B-Krasenkow,M/Polanica Zdroj 1996}) 15. Rd1 Bc6 16. b3 $5
(16. Be3 Qf8 17. Qf4 e5 18. Qf3 Qe7 19. Bxc5 bxc5 20. Rd3 Rab8 21. b3 Rhd8 22.
Rad1 d6 23. Qe3 $1 $14 {Ribli. 1-0 Vaganian,R-Yudasin,L/Moscow 1994/CBM 45/
[Ribli] (62)}) 16... Qf8 17. Qd2 {1-0 Ribli,Z-Ivanisevic,I/Szeged 1997/CBM 62/
[Ribli] (50)}) (5... h5 $6 6. d4 cxd4 7. Qxd4 d6 8. Bg5 $1 Nh6 9. c5 a6 10.
O-O-O Qa5 11. cxd6 $1 exd6 (11... Qxg5+ 12. f4 Qf5 $8 13. Nd5 Rb8 14. Nc7+ $18)
12. Qe4+ Be6 13. Rd5 $1 Qc7 14. Qa4+ $1 Bd7 $8 15. Bb5 Bc6 16. Bxc6+ bxc6 17.
Re1+ Kd7 18. Rd3 $1 Rb8 19. Nd5 Qc8 20. Ne7 $1 Qc7 21. Rc3 {1-0 Tukmakov,
V-Hulak,K/Porec 73/(47) 1998/Inf 73/[Tukmakov,V] (21)}) 6. d4 cxd4 (6... e6 7.
Bg2 d5 8. cxd5 Nxd5 9. O-O $1 Nxc3 10. bxc3 Bd6 (10... cxd4 11. cxd4 Bd6 12.
Qb3 O-O 13. f4 Rb8 14. Bb2 {1/2-1/2 Ribli,Z-Emms,J/BL9596 1996 (31)}) 11. f4
O-O 12. c4 $1 Qb6 13. Be3 Rb8 14. dxc5 Bxc5 15. Rb1 Qc7 16. Bxc5 Qxc5 17. Qa4
$14 {Ribli,Z-Wells,P/Oesterreich 72/(45) 1998/[Ribli,Z] (17)}) 7. Qxd4 g6 8. b3
{Weiß möchte beide Läufer auf der großen Diagonale plazieren.} (8. Bg2 Bg7 9.
O-O O-O 10. Bg5 d6 11. Rac1 Be6 12. Qd3 a6 13. f4 Rb8 14. b4 b5 15. cxb5 axb5
16. Rfe1 Bc4 17. Qf3 e6 18. g4 Qd7 19. f5 exf5 20. gxf5 Qxf5 21. Qxf5 gxf5 22.
Red1 Ne4 {1/2-1/2 Akopian,V-Qin Kanying/Calcutta IND 2000/The Week in Chess
278 (29)}) 8... Bg7 9. Bb2 b6 (9... a6 10. c5 $14 (10. Bg2 b5 11. cxb5 (11. f4
Rb8 $11) 11... axb5 12. Nxb5 Ba6 13. Nc3 O-O $44)) 10. Bg2 Bb7 11. O-O O-O 12.
Qd2 {Die weiße Dame steht viel sicherer auf d2 als auf d4. Die Drohung von
Schwarz war 12...Ne4 bzw. 12...Nd5.} d6 13. Rfe1 Re8 14. Rad1 $14 {[%csl Yd5]
[%cal Gd1d8,Ge1e8] Weiß kontrolliert die d- und e-Linie. Das Feld d5 ist eine
potentielle Schwäche in der schwarzen Stellung.} a6 {[%cal Gb6b5]} 15. Nd5 Nxd5
(15... Nd7 16. Bxg7 Kxg7 17. f4 $14) (15... Bxd5 $6 16. cxd5 $14 {[%csl Yc6]
[%cal Gd1c1,Gc1c6]}) 16. Bxg7 Kxg7 17. cxd5 {[%csl Gd5][%mdl 4] Weiß hat
spürbar Raumvorteil. Der Doppelbauer auf der f-Linie ist keineswegs schwach,
sondern der eigentliche Grund für die weiße Vorherrschaft auf der wichtigen,
halboffenen e-Linie! Und genau das ist die Hauptstrategie der Variante mit 4.
g3 5.exf3 .} Rc8 (17... b5 $5 {Damit kann Schwarz die Dame von der
Verteidigung des Pb6 entbinden.} 18. f4 Qd7 $14) 18. f4 {Weiß öffnet die
Diagonale des Bg2 und möchte anschließend f4-f5 ziehen.} a5 19. f5 $1 $36 {
[%mdl 128]} Rc5 (19... gxf5 $2 20. Qg5+ Kh8 21. Qxf5 {[%csl Rh8][%cal Rg2e4,
Re4h7]}) 20. h4 {[%cal Gh4h5] Weiß hat gute Angriffschancen am Königsflügel.}
f6 {Schwarz verteidigt sich gegen die potentielle Drohung f6+, doch mit diesem
Zug schwächt er seinen Königsflügel. Ein anderes Problem ist, dass der
schwarze Bb7 sehr passiv steht, während sein weißer Widerpart unterstützend am
Königsflügel eingreifen kann.} (20... h5 21. Qe3 $1 {Wegen der Schwächung des
Pe7 ist der Re8 gefesselt, und es droht 22.f6+.} Rc8 22. fxg6 fxg6 23. Qe6 $16)
21. fxg6 hxg6 22. Re3 {[%cal Gd1e1,Ge1e7]} Qa8 {[%cal Ga8g2] Es droht 23...e5,
woraufhin Weiß nicht 24.dxe6 spielen könnte, weil der g2B nicht verteidigt
wäre.} 23. f4 $1 {[%cal Gd2g2] Weiß verteidigt mit der Dame den Bg2.} (23. Rde1
$2 e5 $15) 23... Qc8 24. Rde1 {[%csl Re7][%cal Re1e7]} Qc7 (24... e5 25. dxe6
Rc2 26. Bxb7 $18) 25. Qd1 {[%cal Gd1h5] Weiß muss auf einige taktische Motive
für Schwarz Acht geben.} (25. Kh2 $2 e5 $15 26. dxe6 Rc2 {[%cal Rc2h2]}) 25...
Rc3 26. Kh2 {Ein weiterer prophylaktischer Zug - der weiße König steht in
Sicherheit auf h2.} Bc8 27. Qd2 Rxe3 (27... Rc2 $6 28. Rxe7+ Rxe7 29. Rxe7+
Qxe7 30. Qxc2 $16) 28. Rxe3 Bg4 29. Rc3 Qb7 30. Qe3 $1 {Weiß kontrolliert die
c-Linie, der Pe7 ist eine chronische Schwäche und die schwarze Königsstellung
ist ebenfalls schwach. Das Hauptproblem für Schwarz ist, daß sich ihm keine
aktiven Perspektiven bieten.} Bd7 31. Qe2 {[%cal Gc3e3,Ge2e7,Gh4h5]} Kf7 32.
Re3 Qc7 (32... Bf5 $5) 33. h5 $5 Bc8 $6 (33... Rh8 $5 {[%cal Gh8h2]} 34. Rxe7+
Kf8 $132) 34. Be4 f5 $2 (34... Bf5 35. hxg6+ (35. Bxf5 gxf5 36. Qd3 Rc8 $132 {
[%cal Gc8c2,Gc2h2,Gc2a2]}) 35... Bxg6 36. Bxg6+ Kxg6 37. Qg4+ Kf7 38. Qh5+ Kf8
$16) 35. hxg6+ Kg7 (35... Kxg6 36. Qg4+ Kf6 37. Qg5+ $18) 36. Bf3 $16 {Weiß
hat einen Mehrbauern, und sein Angriff am Känigsflügel bleibt gefährlich.} Qd8
(36... Rh8+ 37. Kg2 $16 (37. Bh5 $16)) 37. Kg2 Bd7 38. Bh5 {[%cal Re2b2,Rb2g7]
Dieser Zug gewinnt auch, aber das sofortige Damenschach wäre einfacher.} (38.
Qb2+ $1 Kxg6 39. Bh5+ $1 Kxh5 40. Qg7 e5 41. Qh7+ Kg4 42. Qh3#) 38... e6 {
[%cal Gd8f6]} 39. dxe6 Bc6+ 40. Bf3 $18 {Weiß hat schon zwei Bauern mehr und
eine überlegene Stellung.} (40. Kh2 $18) 40... Bxf3+ 41. Qxf3 Kxg6 42. g4 (42.
Qd5 $18) 42... Qh4 (42... Qa8 43. Qxa8 Rxa8 44. e7 Re8 45. Re6+ $18) 43. Qd5
fxg4 (43... Qxg4+ 44. Rg3 $18 {[%cal Rg3g6]}) 44. e7 (44. e7 Kg7 45. Qxd6 Qf6
46. Qxf6+ Kxf6 47. Kg3 $18) 1-0

[Event "NED-chT 0001"]
[Site "Netherlands"]
[Date "2000.12.09"]
[Round "2.6"]
[White "Henrichs, Thomas"]
[Black "Vaganian, Rafael A"]
[Result "0-1"]
[WhiteElo "2440"]
[BlackElo "2641"]
[PlyCount "70"]
[EventDate "2000.11.18"]
[EventType "team-tourn"]
[EventRounds "9"]
[EventCountry "NED"]
[SourceTitle "EXT 2015"]
[Source "ChessBase"]
[SourceDate "2014.11.20"]
[SourceVersion "1"]
[SourceVersionDate "2014.11.20"]
[SourceQuality "1"]
[WhiteTeam "ING/ESGOO Enschede"]
[BlackTeam "Ordina Breda"]
[WhiteTeamCountry "NED"]
[BlackTeamCountry "NED"]

1. d4 e6 2. c4 d5 3. Nc3 Be7 4. cxd5 exd5 5. Bf4 c6 6. e3 Bf5 7. g4 Be6 8. h4
Nd7 9. h5 Nh6 10. Be2 Nb6 11. Nh3 g5 12. hxg6 hxg6 13. Be5 f6 14. Bg3 g5 15.
Qc2 Nxg4 16. Qg6+ Kd7 17. O-O-O Rh6 18. Qc2 Qh8 19. e4 Rxh3 20. exd5 Nxd5 21.
Nxd5 Rxh1 22. Nc7 Nxf2 23. d5 Nxd1 24. dxc6+ bxc6 25. Qd3+ Kc8 26. Qa6+ Kd8 27.
Qxc6 Nf2+ 28. Kd2 Bb4+ 29. Ke3 Rc8 30. Nxe6+ Ke7 31. Nc7 Nd1+ 32. Bxd1 Rxd1 33.
Qe4+ Kf7 34. Qc4+ Kg6 35. Qc2+ f5 {Time} 0-1

[Event "BEL-chT 0102"]
[Site "Belgium"]
[Date "2001.12.09"]
[Round "4"]
[White "Vaganian, Rafael A"]
[Black "Degraeve, Jean Marc"]
[Result "1-0"]
[WhiteElo "2650"]
[BlackElo "2588"]
[PlyCount "57"]
[EventDate "2001.10.14"]
[EventType "team"]
[EventRounds "11"]
[EventCountry "BEL"]
[SourceTitle "CBM 085 Extra"]
[Source "ChessBase"]
[SourceDate "2002.01.21"]
[SourceVersion "1"]
[SourceVersionDate "2002.01.21"]
[SourceQuality "1"]

1. Nf3 g6 2. d4 Bg7 3. c4 c5 4. e4 Qa5+ 5. Bd2 Qb6 6. Bc3 Nc6 7. d5 Nd4 8. e5
Nxf3+ 9. gxf3 d6 10. f4 Nh6 11. Nd2 Nf5 12. Nf3 e6 13. h4 Bd7 14. Qd2 dxe5 15.
fxe5 h6 16. Bd3 Ne7 17. O-O-O Qa6 18. Kb1 exd5 19. e6 d4 20. exd7+ Kxd7 21. Qf4
dxc3 22. Bxg6+ Kc8 23. Rd6 Qa5 24. Bf5+ Nxf5 25. Qxf5+ Kb8 26. Qf4 Qc7 27. Rhd1
Rc8 28. Qf5 a5 29. bxc3 1-0

[Event "FIDE GP"]
[Site "Moscow"]
[Date "2002.06.01"]
[Round "1.1"]
[White "Vaganian, Rafael A"]
[Black "Onischuk, Alexander"]
[Result "1-0"]
[WhiteElo "2664"]
[BlackElo "2641"]
[Annotator "Tsesarsky,I"]
[PlyCount "107"]
[EventDate "2002.06.01"]
[EventType "k.o. (rapid)"]
[EventRounds "5"]
[EventCountry "RUS"]
[SourceTitle "CBM 090"]
[Source "ChessBase"]
[SourceDate "2002.09.20"]
[SourceVersion "1"]
[SourceVersionDate "2002.09.20"]
[SourceQuality "1"]

1. Nf3 {Hecht} Nf6 2. c4 e6 3. Nc3 d5 4. d4 Be7 5. Bg5 O-O 6. e3 Nbd7 7. Rc1 a6
8. c5 c6 9. Bd3 e5 10. Bxf6 Bxf6 11. dxe5 (11. Nxe5 Bxe5 12. dxe5 Qe7 {-see
detailed commented game 0-1 Vaganian,R-Onischuk,A/Moscow 2002/CBM 90_01 
[Tsesarsky,I](39)}) 11... Be7 12. Qc2 g6 $1 {Better than} (12... h6 13. Na4 (
13. e4 {-see detailed commented game 1/2-1/2 Romanishin,O-Bellini,F/Reggio
Emilia 1998/CBM 63[Tsesarsky,I] (41)}) 13... Qa5+ {-see detailed commented
game 0-1 Pedersen,S-Hansen,C/Aalborg 2000/CBM 77[Tsesarsky,I] (24)}) 13. Na4
Qc7 ({Possible} 13... Qa5+ 14. Ke2 Qc7 15. Qc3 (15. h4 Nxe5) 15... Re8 16. Rhe1
Bf8 17. Kf1 Bg7 18. e4 d4 $1 $11) 14. Qc3 Re8 15. Qd4 Bf8 16. Nb6 Nxb6 17. cxb6
Qe7 18. Ke2 Bg7 19. b4 Bxe5 $5 $11 ({Strong was P sacrifice:} 19... f6 $1 20.
exf6 Bxf6 21. Qc5 Qf7 $44) 20. Nxe5 Qxe5 21. Qxe5 Rxe5 22. Rc5 $14 {White left
with certain pressure, but position is quite reliable for Black.} Bf5 ({
Interesting was} 22... Bd7 $11) 23. Bxf5 Rxf5 24. Rd1 Re8 25. Rd4 {[%cal Ga2a4,
Gb4b5,Gg8f8,Gf8e7,Ge7d6] White has clear plan: PP a and b promotion. However,
Black is able easily to neutralize it by bringing his K into the centre.} Kf8
26. a4 Ke7 27. f4 Kd6 28. Kf3 Re4 (28... Rf6 29. e4 (29. g4 Rfe6 30. Rc3 h6 31.
h4 f6 $11) 29... Rxe4 30. Rxe4 dxe4+ 31. Kxe4 Re6+ $11) 29. Rcc4 (29. g3 $11)
29... Rxd4 30. Rxd4 c5 $1 {Of course!} (30... Rh5 31. h3 c5 32. bxc5+ Kxc5 33.
a5 Kb5 34. g4 Rxh3+ 35. Kg2 Rxe3 36. Rxd5+ Kc6 37. Rd8 Ra3 38. Rc8+ Kb5 39. Rc7
Kxa5 40. Rxb7 $44) 31. bxc5+ Kxc5 32. g4 Rf6 33. a5 Rd6 34. g5 Kb5 35. e4 dxe4+
36. Kxe4 Re6+ ({Avoiding the trap:} 36... Rxd4+ $4 37. Kxd4 Kxa5 38. Kc5 Ka4
39. Kd6 $18) 37. Kf3 {Hecht: '[#] Zwei verbundene Freibauern beiderseits -
Technik und Taktik'} Kxa5 38. Rd7 Rxb6 {'?' Hecht.} (38... Kxb6 $1 {Hecht} 39.
Rxf7 a5 40. Rxh7 a4 41. f5 gxf5 42. Rh6 Rc6 43. g6 a3 44. g7 a2 45. g8=Q a1=Q
$11) 39. Rxf7 Kb4 {Black lost a very important tempo. Hecht: 'Auch in anderen
Fällen geht es messerscharf zu. '} (39... Rb1 {[%cal Gb7b5,Gb5b4] Hecht} 40.
Rxh7 b5 41. h4 b4 42. h5 gxh5 43. g6 Rg1 44. g7 b3 45. Rxh5+ Ka4 46. Rg5 Rxg5
47. fxg5 b2 48. g8=Q b1=Q 49. Qe8+ Ka3 (49... Ka5 {Hecht} 50. Qe5+ Ka4 51. Qe4+
$18) 50. Qe3+ Ka2 51. Qe6+ $18) 40. Rxh7 a5 41. h4 a4 42. f5 {'?!' Hecht.} ({
Right is} 42. h5 $1 gxh5 {Hecht} (42... a3 43. hxg6 a2 (43... Rxg6 {Hecht} 44.
Rxb7+ Kc3 45. Ra7 Kb2 46. Kg4 Rb6 47. f5 $18) 44. g7 Rg6 45. g8=Q Rxg8 46.
Rxb7+ Ka3 47. Ra7+ Kb2 48. Kg4 a1=Q 49. Rxa1 Kxa1 50. f5 Kb2 51. f6 Kc3 52. f7
$18) 43. f5 a3 44. Rxh5 a2 45. Rh1 Kc3 46. Ra1 Kb2 47. Rxa2+ Kxa2 48. g6 $18)
42... gxf5 43. Re7 a3 44. Re2 Ka4 (44... Ra6 {Hecht} 45. h5 a2 46. Rxa2 Rxa2
47. g6 $18) 45. h5 Rb2 46. Re1 Rh2 (46... a2 47. Ra1 Ka3 (47... Kb3 {Hecht} 48.
g6 $18) 48. g6 Rb1 49. Rxa2+ Kxa2 50. g7 Rg1 51. h6 b5 52. h7 Rxg7 53. h8=Q Rg4
54. Qe5 $18) 47. h6 a2 48. Rg1 {Hecht: 'Pg5 ist der Gewinnbauer!'} Kb3 {
'?' Hecht.} ({Idee: der König soll so stehen, dass weder der g-Bauer mit
Schach einziehen noch der a-Bauer mit Schach genommen werden kann. Also:} 48...
Kb4 {Hecht} 49. g6 ({aber:} 49. Kf4 $1 {Hecht} b5 50. Kxf5 Ka3 (50... Kb3 $142
{Hecht} 51. g6 Rf2+ 52. Ke6 Rg2 53. Rxg2 a1=Q 54. g7 Qa6+ 55. Ke5 Qa1+ 56. Ke6
Qa6+ 57. Kf5 Qc8+ 58. Kg6 Qe6+ 59. Kh7 Qe7 {und Schwarz macht durch
Fesselungen horizontal bzw. diagonal Remis.}) 51. g6 Rh5+ (51... Rf2+ {Hecht}
52. Ke6 Rg2 53. Rxg2 a1=Q 54. g7 Qe1+ 55. Kd7 Qd1+ 56. Kc7 Qc1+ 57. Kb7 $18)
52. Kf4 Rh4+ 53. Kg5) 49... Rxh6 50. g7 a1=Q 51. Rxa1 Rg6 52. Rb1+ Kc5 53. Rxb7
Rg4 $11) 49. g6 Rh3+ 50. Kf4 Rh4+ 51. Kxf5 Rh5+ 52. Kf4 Rh4+ 53. Kg5 Rh2 54. g7
1-0

[Event "Bundesliga 0203"]
[Site "Germany"]
[Date "2003.01.11"]
[Round "8.4"]
[White "Vaganian, Rafael A"]
[Black "Polzin, Rainer"]
[Result "1-0"]
[WhiteElo "2667"]
[BlackElo "2462"]
[Annotator "Stohl,I"]
[PlyCount "121"]
[EventDate "2002.10.19"]
[EventType "team-tourn"]
[EventRounds "15"]
[EventCountry "GER"]
[SourceTitle "CBM 093"]
[Source "ChessBase"]
[SourceDate "2003.04.01"]
[SourceVersion "1"]
[SourceVersionDate "2003.04.01"]
[SourceQuality "1"]
[WhiteTeam "Porz"]
[BlackTeam "Neukoelln"]
[WhiteTeamCountry "GER"]
[BlackTeamCountry "GER"]

1. d4 Nf6 2. Nf3 d6 3. g3 g6 4. Bg2 Bg7 5. c4 O-O 6. O-O Nbd7 7. Nc3 e5 8. h3
a6 ({If Black wants to exclude the following line, he can continue} 8... exd4
9. Nxd4 Re8 10. e4 {-E68,69 transposing into different variations.}) 9. dxe5 (
9. Be3 $5 exd4 (9... c6 10. dxe5 {transposes into the game.}) 10. Bxd4 c6 (
10... Re8 $142 $5 11. Nd5 Rb8 $132) 11. Nd2 $1 Nc5 12. Nb3 Ne6 13. Be3 Qe7 $6
14. Qd2 Nd7 15. Ne4 Ndc5 16. Nxd6 Nxb3 17. axb3 c5 {Barsov,A-Gallagher,J/
Hastings/2002/} 18. b4 $1 Nd4 19. Nxc8 Raxc8 20. Rad1 $18) (9. e4 b5 $5 {-E68})
9... dxe5 10. Be3 {In a nearly symmetrical position White has several pluses:
the /^h1-a8 is open for his B (there is no pawn on e4) and the e4-square can 
(and will!) be used by his N; moreover the necessity to play c6 sooner or
later will further weaken d6 and b6. Also the a6-move loses its strength.} c6 {
[%csl Rb6,Rd6]} (10... Re8 11. Qb3 c6 12. Ng5 $1 Nf8 13. Rad1 Qe7 14. Na4 N6d7
15. Ne4 Ne6 16. Nd6 Nd4 17. Bxd4 Qxd6 18. Be3 Qc7 19. Rd2 Rb8 20. Rfd1 b5 21.
Nc3 Nb6 22. Rd6 bxc4 23. Qa3 Bf8 24. Bc5 Bb7 25. R6d2 $16 {Akopian,V-Efimenko,
Z/Moscow Aeroflot/2002/}) (10... Qe7 11. Qc1 (11. Qb3 $142 $1) 11... c6 12. Rd1
Nh5 13. g4 Nf4 14. Bxf4 exf4 15. Qxf4 Nc5 16. e4 Be6 17. e5 f6 18. exf6 Bxf6
19. Qe3 Bxc4 20. Qxe7 Bxe7 21. Ne5 {Vaganian,R-Gallagher,J/BL9899/1998/} Rf4
$11 (21... Bf7 $11)) 11. Qb3 (11. Qd6 $143 Ne8 12. Qd2 Qe7 13. Rad1 f5 14. Bh6
Bxh6 15. Qxh6 Nd6 16. Ng5 Rf6 17. b3 Nf8 18. Rd2 Be6 19. Rfd1 Nf7 20. Nxf7 Bxf7
21. Qe3 Re8 22. Na4 b5 23. Nb6 bxc4 24. bxc4 e4 $11 {Nikolic,P-Knaak,R/Novi
Sad olm/1990/}) 11... Qe7 12. Rfd1 (12. Rad1 Ne8 13. c5 Ndf6 14. Qb4 Nc7 15.
Qh4 Nfd5 16. Nxd5 Nxd5 17. Qxe7 Nxe7 18. Bg5 f6 19. Bd2 a5 20. e4 Be6 21. Bc3
Rfe8 22. Ra1 Nc8 23. Rfc1 Bf8 24. Bd2 a4 25. Bf1 Na7 26. Bc4 Bxc4 27. Rxc4 Nb5
$11 {Supatashvili,K-Jobava,B/Tbilisi/2001/}) 12... Rb8 (12... Re8 13. Ng5 Nf8
14. Na4 Ne6 15. Nxe6 Qxe6 16. Nb6 Rb8 17. Nxc8 Qxc8 18. Rd6 Nd7 19. Rad1 Nf8
20. Ba7 Ra8 21. Bb6 Ne6 22. e3 Bf8 23. R6d2 a5 24. Qc3 Bb4 25. Qxe5 Bxd2 26.
Rxd2 Nf8 27. Qc3 a4 28. Bd4 $44 {Kharitonov,A-Lukianov,I/Leningrad/1989/}) (
12... h6 13. Rac1 Kh7 14. Kh2 Ne8 15. Na4 f5 16. Nb6 Nxb6 17. Qxb6 Rg8 18. b3
a5 19. a4 Bf6 20. Ne1 Qe6 21. Nd3 Ra6 22. Qc5 g5 23. Qa3 e4 24. Nc5 Qe7 25. b4
axb4 26. Qxb4 Ra8 27. Rb1 Rg7 28. Qd2 Be5 29. Bd4 {Adorjan,A-Nijboer,F/
Zalaegerszeg/1991/} Bxd4 30. Qxd4 Ra5 $11) (12... Ne8 $5 13. Na4 (13. c5 Nc7
14. Rac1 Kh8 15. Ne4 f5 16. Bg5 Qe6 17. Nd6 e4 18. Nxc8 Raxc8 19. Nd4 Qxb3 20.
axb3 Rf7 21. Bf4 Nd5 22. e3 Re8 23. Bf1 Bf8 24. b4 Nxb4 25. Bc4 Nd5 26. Bxd5
cxd5 27. b4 h6 28. c6 bxc6 29. Rxc6 g5 30. Bc7 Kh7 31. Ra1 Nb8 32. Bxb8 Rxb8
33. Raxa6 Rxb4 34. Ne6 Be7 35. Nc7 Bf8 36. Nxd5 Rbb7 37. Nf6+ Kh8 38. Ra5 f4
39. gxf4 gxf4 40. exf4 Rb2 41. Kf1 Rb3 42. Kg2 e3 43. fxe3 Rxe3 44. Ng4 Rb3 45.
Ne5 Rg7+ 46. Kf1 Kh7 47. Ra8 Be7 48. Rcc8 Rgg3 49. Rh8+ Kg7 50. Rhe8 Bc5 51.
Rg8+ Kh7 52. Rh8+ Kg7 53. Rag8+ Kf6 54. Nd7+ Kf5 55. Nxc5 Rbf3+ 56. Ke2 Re3+
57. Kd2 Kxf4 58. Rxg3 Rxg3 59. Rxh6 Ra3 60. Nd3+ Kg3 61. Ke3 Ra8 62. Ne5 Ra3+
63. Ke4 {1-0 Ribli,Z-Beliavsky,A/Hungary 1998/EXT 2000 (63)}) 13... Nc7 14. Nb6
Nxb6 15. Bxb6 (15. Qxb6 Ne6 16. Qa5 e4 17. Nd4 Rd8 18. Qb6 f5 19. Rd2 Nxd4 20.
Bxd4 Rxd4 21. Rxd4 Bxd4 22. Qxd4 Be6 23. Rd1 Qc7 24. b3 Kf7 25. h4 Re8 26. e3
h5 27. Bf1 Re7 28. Qh8 Rd7 29. c5 Bd5 $11 {Gaprindashvili,V-Jobava,B/Tbilisi/
2002/}) 15... Ne6 16. h4 f5 17. e3 e4 18. Nd4 Re8 19. Nxe6 Bxe6 20. Bd4 b5 21.
Bf1 Bxd4 22. Rxd4 Rad8 23. Rad1 Rxd4 24. Rxd4 c5 25. Rd2 Rd8 26. Rxd8+ Qxd8 $11
{Mchedlishvili,M-Jobava,B/Tbilisi/2001/}) 13. Nd2 $1 $146 {[%mdl 8] White
starts the N-maneouvre immediately-a logical, but new move.} (13. Rac1 Kh8 14.
c5 h6 15. Nd2 Ne8 16. Nc4 f5 17. Na4 Nc7 18. Nd6 Nb5 19. Qd3 Nf6 20. Nxc8 Rbxc8
21. Nb6 Rcd8 22. Qc4 Nh5 23. Rxd8 Rxd8 24. a4 {Piket,J-Nijboer,F/NED-ch/1992/}
Nd4 $132) 13... Ne8 14. Nde4 h6 (14... f5 15. c5+ Kh8 16. Bg5 (16. Nd6 f4 $15)
16... Qf7 17. Qxf7 Rxf7 18. Nd6 Nxd6 19. cxd6 $14) 15. Na4 f5 16. c5+ (16. Nec5
Nef6 17. Nxd7 Nxd7 {/\f4<=>}) 16... Kh7 $6 (16... Rf7 17. Nd6 Nxd6 18. cxd6 $14
) (16... Qf7 $5 $11 {/+/= possibly gives Black more chances to fully
neutralize White's pressure.}) 17. Nd6 f4 (17... Nxd6 18. cxd6 Qe8 19. Ba7 Ra8
20. Bb6 $36) 18. Nxc8 $8 (18. gxf4 exf4 19. Nxc8 Rxc8 20. Bd4 Ne5 $15) 18...
Rxc8 19. Bd2 $14 {[%csl Rb7,Gd2,Gg2] /+/-,><b7,^^ White has stabilized the
position and gained a more permanent advantage.} (19. Qxb7 $2 Rc7 $17) 19...
fxg3 20. fxg3 Ndf6 (20... Nxc5 $2 21. Qa3 b6 22. Nxb6 $18 {[%cal Rd2b4] /\Bb4})
21. Rac1 Nh5 22. Be1 Rc7 23. Qe3 Qe6 24. Nc3 Rcf7 25. b3 {A useful move, Black
can't cash in on the wasted time.} (25. Rd3 Nhf6 26. Rcd1 h5 $5 $14 (26... Nc7
27. Rd6 Qf5 28. Qf3 $16)) 25... Nhf6 26. g4 $1 Nc7 27. Rd6 Qe8 28. Bg3 e4 29.
Rcd1 Ncd5 30. Nxd5 cxd5 {[%csl Rd5,Rg2] <=>,ץg2 The Bg2 is now cut off, but
White still is better as Black is tied down to the ><d5.} 31. Bh4 $1 g5 $8 {
[%csl Rf5] Forced, but weakens the f5-square.} 32. Be1 (32. Bg3 $14) 32... Qe5
33. Bc3 {[%mdl 4096] Transposes to a promising _|_.} (33. Bg3 Qe7 (33... Qb2
34. R6xd5 $5 $16) 34. Rf1 $36) (33. R6xd5 Nxd5 34. Qxe4+ Qxe4 35. Bxe4+ Kh8 36.
Bxd5 Rc7 $14 {/~~}) 33... Nxg4 {Otherwise Black loses material immediately.} (
33... Qf4 34. Qxf4 gxf4 35. Bxf6 Rxf6 36. R6xd5 $16) 34. hxg4 Qxc3 35. Qxc3
Bxc3 36. R1xd5 Rf4 37. Re6 e3 (37... Rxg4 38. Rd7+ Kg8 39. Rg6+ Kh8 40. Rxh6+
$16) 38. Rd7+ R8f7 39. Rxb7 $2 (39. Rxf7+ $142 Rxf7 40. Rb6 a5 41. Bxb7 $16 (
41. a3 $5)) 39... Rxb7 40. Bxb7 Rxg4+ 41. Bg2 {White must pin his own B.} (41.
Kh2 Rh4+ 42. Kg2 Rg4+ 43. Kf3 Rf4+ 44. Kxe3 Bd4+ $14 {<=>~~}) 41... Rd4 42.
Be4+ Kg7 43. c6 Ba5 44. Bf5 (44. Bd3 Kf7 45. Rxe3 Rd6 46. Bxa6 Bb6 47. Kg2 Rxc6
$14) 44... Rd8 $2 (44... Rf4 $142 $5 45. Bd3 Rf6 46. Rxf6 Kxf6 47. b4 Bc7 48.
Bxa6 Ke6 $14) 45. Bg4 Rd4 46. Bh5 $1 {Blocks the >>P and stops Black's <=>.}
Rh4 $8 (46... Rd8 47. Kg2 Rc8 48. Kf3 $16) 47. Re5 $5 {Probably the best
winning chance.} (47. Bf3 Rf4 $14) 47... Bb6 48. Re7+ Kf6 49. Rb7 Rxh5 50. Rxb6
Ke6 51. Rxa6 Rh4 52. a3 Rg4+ 53. Kh2 Rf4 54. b4 (54. Kg3 Kd6 $16) 54... Rf2+
55. Kg3 Rxe2 56. b5 Rb2 $6 {Now the o^ break through and White wins by force.
Necessary, although probably insufficient as well was} (56... Kd6 $8 57. a4 (
57. Ra7 Rc2 58. Rd7+ Kc5 59. a4 h5 {is not so clear.}) 57... h5 (57... Rc2 58.
Ra8 $1 {[%cal Rb5b6,Ya8e8] /\b6!,Re8}) (57... Rb2 58. Ra7 h5 59. Rd7+ Ke6 60.
Rd3 h4+ 61. Kg4 e2 62. c7 Rc2 63. Re3+ Kd7 64. b6 $18) 58. Kf3 Re1 59. Ra7 g4+
60. Ke4 $16) 57. c7+ Kd7 58. b6 $18 e2 59. Kf2 g4 60. Ra8 g3+ 61. Ke1 (61. Ke1
Rc2 62. Rd8+ Ke7 63. c8=Q $18 (63. b7 $18)) 1-0